000 01136nam a2200265 i 4500
001 163502
003 ES-MaACL
005 20250901041232.0
008 021205s1878 sp |||| | spa d
080 _a159.942
100 1 _aRichet, Charles (
_d1850-1935)
_996954
245 1 4 _aLos venenos de la inteligencia
_b; El asco y sus causas : (ensayos psicológicos) /
_cCarlos Richet ; versión española precedida de una introducción del autor por Manuel de Tolosa y Latour.
260 _aMadrid :
_bCasa Editorial de Medina,
_c[1878?] (
_fEstab. Tip. de J.C. Conde y Cª)
300 _aIX, [1], 190 p. ;
_c15 cm.
596 _aEn p. V consta: "1º de enero de 1878"
650 0 4 _aDrogas-
_xEfectos fisiológicos.
_911983
650 4 _aAversión.
_9158540
650 4 _aEmociones y sentimientos-
_xAspectos fisiológicos
_912197
650 0 7 _aPsicología fisiológica
_2embne
_916565
700 1 _aTolosa Latour, Manuel,
_d1857-1919
_9110485
740 3 2 _aEl asco y sus causas.
852 _aES-MaACL
_jG-10980(1)
_z- Enc. hol.
852 _aES-MaACL
_jD-3811
_z- Legado M. de La Fuente
999 _c163502
_d163502